Countries of the World in Alphabetical Order - Statistics

General Stats
  • This quiz has been taken 18 times
  • The average score is 140 of 196
Answer Stats
Continent Countries A - Z % Correct
Europe Albania
100%
Europe Andorra
100%
Asia Armenia
100%
Europe Austria
100%
Asia Azerbaijan
100%
Asia Bahrain
100%
Europe Belgium
100%
Asia Bhutan
100%
Europe Bulgaria
100%
Asia China
100%
Europe Czech Republic
100%
Asia Afghanistan
100%
Europe Belarus
100%
Africa Algeria
89%
Africa Angola
89%
North America Antigua and Barbuda
89%
South America Argentina
89%
Oceania Australia
89%
North America Bahamas
89%
Asia Bangladesh
89%
North America Barbados
89%
North America Belize
89%
Africa Benin
89%
South America Bolivia
89%
Europe Bosnia and Herzegovina
89%
Africa Botswana
89%
South America Brazil
89%
Asia Brunei
89%
Africa Burkina Faso
89%
Africa Burundi
89%
Asia Cambodia
89%
Africa Cameroon
89%
Africa Chad
89%
South America Chile
89%
North America Cuba
89%
Asia Cyprus
89%
Europe Denmark
89%
North America Canada
89%
Asia East Timor
89%
Europe Estonia
89%
Europe Finland
89%
Europe France
89%
Asia Georgia
89%
Europe Germany
89%
Europe Hungary
89%
Europe Iceland
89%
Asia India
89%
Asia Indonesia
89%
Asia Iran
89%
Asia Iraq
89%
Europe Ireland
89%
Asia Israel
89%
Europe Italy
89%
Asia Japan
89%
Europe Kosovo
89%
Asia Kuwait
89%
Asia Laos
89%
Europe Latvia
89%
Europe Liechtenstein
89%
Europe Lithuania
89%
Europe Luxembourg
89%
Asia Maldives
89%
Europe Malta
89%
Africa Cape Verde
78%
South America Colombia
78%
Africa Comoros
78%
North America Costa Rica
78%
Africa Djibouti
78%
North America Dominica
78%
North America Dominican Republic
78%
South America Ecuador
78%
Africa Egypt
78%
North America El Salvador
78%
Africa Equatorial Guinea
78%
Africa Eritrea
78%
Africa Eswatini
78%
Africa Ethiopia
78%
Oceania Federated States of Micronesia
78%
Oceania Fiji
78%
Africa Gambia
78%
Europe Greece
78%
North America Grenada
78%
North America Guatemala
78%
Africa Guinea
78%
Africa Guinea-Bissau
78%
South America Guyana
78%
North America Haiti
78%
North America Honduras
78%
Asia Jordan
78%
Asia Kazakhstan
78%
Africa Kenya
78%
Oceania Kiribati
78%
Asia Lebanon
78%
Africa Lesotho
78%
Africa Liberia
78%
Africa Libya
78%
Africa Madagascar
78%
Asia Malaysia
78%
Africa Mali
78%
Oceania Marshall Islands
78%
Africa Mauritania
78%
Africa Mauritius
78%
Europe Montenegro
78%
Europe Croatia
67%
Africa Democratic Republic of Congo
67%
Africa Gabon
67%
Africa Ghana
67%
Africa Ivory Coast
67%
North America Jamaica
67%
Asia Kyrgyzstan
67%
Africa Malawi
67%
North America Mexico
67%
Europe Moldova
67%
Europe Monaco
67%
Asia Mongolia
67%
Africa Morocco
67%
Africa Mozambique
67%
Asia Nepal
67%
Europe Netherlands
67%
Asia North Korea
67%
Europe North Macedonia
67%
Europe Norway
67%
Asia Oman
67%
Asia Pakistan
67%
North America Panama
67%
South America Paraguay
67%
Europe Portugal
67%
Europe Romania
67%
Europe San Marino
67%
Europe Serbia
67%
Africa Central African Republic
56%
Asia Myanmar
56%
Africa Namibia
56%
Oceania Nauru
56%
Oceania New Zealand
56%
North America Nicaragua
56%
Africa Niger
56%
Africa Nigeria
56%
Asia Palau
56%
South America Peru
56%
Asia Philippines
56%
Europe Poland
56%
Asia Qatar
56%
Europe Russia
56%
Africa Rwanda
56%
Oceania Samoa
56%
Africa São Tomé and Príncipe
56%
Europe Slovakia
56%
Europe Slovenia
56%
Africa Somalia
56%
Europe Spain
56%
Asia Sri Lanka
56%
North America St. Kitts and Nevis
56%
North America St. Lucia
56%
North America St. Vincent and the Grenadines
56%
Europe Sweden
56%
Europe Switzerland
56%
Oceania Tuvalu
56%
Europe Ukraine
56%
Europe United Kingdom
56%
Oceania Vanuatu
56%
Europe Vatican City
56%
Africa Zambia
56%
Africa Zimbabwe
56%
Asia Papua New Guinea
44%
Africa Republic of Congo
44%
Asia Saudi Arabia
44%
Africa Senegal
44%
Africa Seychelles
44%
Africa Sierra Leone
44%
Asia Singapore
44%
Oceania Solomon Islands
44%
Africa South Africa
44%
Asia South Korea
44%
Africa South Sudan
44%
Africa Sudan
44%
South America Suriname
44%
Asia Syria
44%
Asia Taiwan
44%
Asia Tajikistan
44%
Africa Tanzania
44%
Asia Thailand
44%
Africa Togo
44%
Oceania Tonga
44%
North America Trinidad and Tobago
44%
Africa Tunisia
44%
Asia Turkey
44%
Asia Turkmenistan
44%
Africa Uganda
44%
Asia United Arab Emirates
44%
North America United States of America
44%
South America Uruguay
44%
Asia Uzbekistan
44%
South America Venezuela
44%
Asia Vietnam
44%
Asia Yemen
44%
No matching quizzes found
Score Distribution
Percent of People with Each Score
Percentile by Number Answered
Your Score History
You have not taken this quiz